Statystyki dla Odpowiedź Zaczyna się na "N"

Kliknij tutaj aby rozwiązać quiz!

Ogólne statystyki

  • Ten quiz został rozwiązany 33 613 razy
    (32 000 od ostatniego zresetowania)
  • Średni wynik to 16 z 25

Statystyki odpowiedzi

PytanieOdpowiedź% Poprawnych
Brooklyn, Queens czy Bronx to dzielnice jakiego miasta?Nowy Jork
95%
Jaką nazwę nosi kraj ze stolicą w Oslo?Norwegia
94%
Jak miał na nazwisko autor trzech zasad dynamiki?Newton
93%
Jaką nazwę nosi najdłuższa rzeka na Ziemi?Nil
89%
Według przysłowia, umiera ostatnia.Nadzieja
87%
Podaj skrót pod jakim funkcjonuje organizacja militarna "Pakt Północnoatlantycki".NATO
87%
Jak brzmi nazwa państwa, które dzieli nazwę z trzecią najdłuższą rzeką Afryki?Niger
84%
Ja nazywa się rzymski bóg oceanów i mórz?Neptun
76%
Jak miał na imię cesarz, który podpalił Rzym?Neron
76%
Jak nazywa się dział medycyny, nauka o układzie nerwowym i jego chorobach?Neurologia
73%
Jaką nazwę nosi jednostka miary będąca równa milionowej części milimetra?Nanometr
67%
Jak miał na nazwisko pierwszy prezydent Rzeczpospolitej?Narutowicz
67%
Jaką nazwę nosi włoskie miasto leżące u zboczy Wezuwiusza?Neapol
63%
Jak ogółem określa się znaki graficzne określające wysokość dźwięku oraz jego wartość rytmiczną?Nuty
63%
Jak określa się krótki utwór beletrystyczny pisany prozą, o prostej, zwięzłej fabule?Nowela
62%
Stolicą którego kraju jest Katmandu?Nepal
60%
Na plażach tej krainy doszło w 1944 doszło to operacji alianckiej D-Day...Normandia
53%
Jaką nazwę nosi u kręgowców jeden z dwóch narządów służących do wytwarzania moczu wydalanego przez moczowody?Nerka
52%
Podaj skrót pod jaką funkcjonowała partia polityczna stworzona przez Adolfa Hitlera.NSDAP
50%
Jaką wspólną nazwą określa się w mitologii greckiej i mitologii rzymskiej boginie (niższego rzędu) i uosobienia sił żywotnych przyrody?Nimfy
42%
Jaką nazwę nosiła ustalona w Polsce w roku 1505 konstytucja sejmowa?Nihil Novi
36%
Jak określa się proces upaństwowienia, przejęcia przez państwo własności prywatnej lub spółdzielczej? - Przeciwieństwo prywatyzacjiNacjonalizacja
35%
Jaką nazwę nosi związek organiczny, oleista ciecz, bezbarwna lub żółtawa, używana do produkcji materiałów wybuchowych?Nitrogliceryna
30%
Jak można określić zespół instrumentalny składający się z dziewięciu muzyków?Nonet
25%
Jaką nazwę nosi park narodowe w Polsce, którego symbolem jest błotniak stawowy?Narwiański Park Narodowy
24%

Rozkład punktacji

Percentyl według liczby udzielonych odpowiedzi

Procent ludzi z każdym wynikiem

Twoja historia wyników

Nie rozwiązałeś tego quizu od ostatniego zresetowania